| 000 | 00642nam a2200181 4500 | ||
|---|---|---|---|
| 001 | 137614 | ||
| 003 | ES-MaACL | ||
| 005 | 20230906195416.0 | ||
| 007 | t| | ||
| 008 | 070214s1944 sp r ||||1| spa d | ||
| 100 | 1 |
_aSalazar Mouliáa, Zacarías. _9101825 |
|
| 245 | 1 | 0 |
_aMáquinas animales _b: (Dinámica zootécnica) / _cpor Zacarías Salazar. |
| 260 |
_aMadrid : _bMinisterio de Agricultura, Sección de Publicaciones, Prensa y Propaganda, _c[1944] |
||
| 300 |
_a167 p. : _bil. ; _c22 cm. |
||
| 710 | 1 |
_aEspaña. _bMinisterio de Agricultura. _93837 |
|
| 852 |
_aES-MaACL _j1911-F-11 _bR.29726 |
||
| 852 |
_aES-MaACL _j1900-F-14 _bR.28817 |
||
| 999 |
_c137614 _d137614 |
||